000 00505nam a2200181Ia 4500
008 090123s9999 xx 000 0 und d
082 _b3480
100 _aघोलप मधुकर
245 _aचंदनाची पावले
250 _a3
260 _c1973
300 _a36
600 _aघोलप मधुकर
630 _aचंदनाची पावले
700 _aघोलप मधुकर
730 _aचंदनाची पावले
942 _cBOOK
999 _c41560
_d41560